000 03310nam0a2200409 4500
001 RU\NLR\BIBL_A\012410205
005 20201204155955.0
010 _a978-5-6042271-5-2
_9500
021 _aRU
_bКН-П-20-045897
_9КН-П-20-3508
035 _a(NLR Aleph) 012410205
035 _a(RuMoRGB)010396182
090 _a11771701
_c11771701
100 _a20201124d2018 k y0rusy50 ca
101 0 _arus
_aeng
102 _aRU
105 _aab||z|||100zy
181 0 _ai
_baxxe
182 0 _an
200 1 _aРегиональные проблемы преобразования экономики: интеграционные процессы и социально-экономическая политика региона
_eматериалы IX Международной научно-практической конференции (5-6 декабря 2018 г.), [Махачкала]
_fМинистерство науки и высшего образования Российской Федерации, Российская академия наук, Отделение общественных наук, Секция экономики, Дагестанский научный центр, Институт социально-экономических исследований ДНЦ РАН, Институт экономики и демографии Академии наук Республики Таджикистан, ГОУ ВПО "Донецкий национальный технический университет" [и др.
_gпод общей редакцией: Кутаева Ш.К., Гимбатова Ш.М.]
203 _aТекст
_bвизуальный
_cнепосредственный
210 _aМахачкала
_cИнститут социально-экономических исследований ДНЦ РАН
_d2018
215 _a704 с.
_cил., карт., табл.
_d29
300 _aЧасть текста на англ. яз.
320 _aБиблиогр. в конце ст.
606 1 _aРегиональная экономика
_jСъезды, совещания и т.п
_yРоссийская Федерация
_92073469
_3RU\NLR\AUTH\661248372
686 1 _aУ04(2Р)9я431
702 1 _aКутаев
_bШ. К.
_gШихрагим Кутаевич
_4340
711 1 2 _a"Региональные проблемы преобразования экономики: интеграционные процессы и социально-экономическая политика региона", международная научно-практическая конференция
_d9
_eМахачкала
_f2018
_9725547
_3RU\NLR\AUTH\880531678
712 0 2 _4570
_aРоссийская академия наук
_bСекция экономики
_9608407
_3RU\NLR\AUTH\8810053990
712 0 2 _4570
_aИнститут экономики и демографии
_cДушанбе
_9604484
_3RU\NLR\AUTH\880471397
712 0 2 _4570
_aДонецкий национальный технический университет
_9600054
_3RU\NLR\AUTH\8810049955
942 _cBOOK
980 _aNBR
980 _aNB